How to Thrive and influence your workplace/ (Record no. 31644)
[ view plain ]
| 000 -LEADER | |
|---|---|
| fixed length control field | 00555nam a2200181 4500 |
| 003 - CONTROL NUMBER IDENTIFIER | |
| control field | OSt |
| 008 - FIXED-LENGTH DATA ELEMENTS--GENERAL INFORMATION | |
| fixed length control field | 230705b |||||||| |||| 00| 0 eng d |
| 020 ## - INTERNATIONAL STANDARD BOOK NUMBER | |
| International Standard Book Number | 9789966139832 |
| 050 ## - LIBRARY OF CONGRESS CALL NUMBER | |
| Classification number | HD7261 |
| Item number | .M84 2020 |
| 100 ## - MAIN ENTRY--PERSONAL NAME | |
| Personal name | Mugo Mary |
| 245 ## - TITLE STATEMENT | |
| Title | How to Thrive and influence your workplace/ |
| Statement of responsibility, etc. | Dr. Mary Mugo |
| 260 ## - PUBLICATION, DISTRIBUTION, ETC. (IMPRINT) | |
| Date of publication, distribution, etc. | April 15, 2020 |
| 300 ## - PHYSICAL DESCRIPTION | |
| Extent | ix, 128p. : |
| Other physical details | ill. ; |
| Dimensions | 21cm |
| 504 ## - BIBLIOGRAPHY, ETC. NOTE | |
| Bibliography, etc | Includes Bibliographical Ref. |
| 650 ## - SUBJECT ADDED ENTRY--TOPICAL TERM | |
| Topical term or geographic name as entry element | Business Environment |
| 650 ## - SUBJECT ADDED ENTRY--TOPICAL TERM | |
| Topical term or geographic name as entry element | Thrive influence |
| General subdivision | workplace |
| 942 ## - ADDED ENTRY ELEMENTS (KOHA) | |
| Source of classification or shelving scheme | |
| Koha item type | Hard Covered Materials |
| Classification part | HD7261 .M84 2020 |
| Withdrawn status | Lost status | Source of classification or shelving scheme | Damaged status | Not for loan | Home library | Current library | Shelving location | Date acquired | Source of acquisition | Cost, normal purchase price | Total Checkouts | Full call number | Barcode | Date last seen | Date last checked out | Price effective from | Koha item type |
|---|---|---|---|---|---|---|---|---|---|---|---|---|---|---|---|---|---|
| MACHAKOS UNIVERSITY LIBRARY | MACHAKOS UNIVERSITY LIBRARY | Open shelf | 05/07/2023 | Donation-Chandaria | 2000.00 | 1 | HD7261 .M84 2020 | 39430 | 21/09/2023 | 08/09/2023 | 05/07/2023 | Hard Covered Materials |